Statistiques concernant La Suède en images

Cliquez ici pour prendre le quiz!

Statistiques générales

  • Ce quiz a été pris 36 fois
  • Le résultat moyen est 11 sur 18

Statistiques - réponses

Réponse% Correct
IKEA
100%
Stockholm
100%
Zlatan Ibrahimović
94%
Greta Thunberg
92%
Vikings
86%
Aurore boréale
81%
{ICE}HOTEL
81%
Alfred Nobel
75%
Laponie
75%
Malmö
75%
Göteborg
69%
Gotland
36%
Vasa
31%
Le pont de l'Ø{resund}
25%
Alpes scandinaves
19%
Kebnekaise
11%
Tiveden
6%
Vänern
6%

Distribution des résultats

Percentile par nombre de réponses

% des personnes avec chaque résultat

Votre développement - résultats

Vous n’avez pas pris ce quiz